| 000 -LEADER |
| fixed length control field |
02188cam a2200409 i 4500 |
| 001 - CONTROL NUMBER |
| control field |
21029459 |
| 005 - DATE AND TIME OF LATEST TRANSACTION |
| control field |
20251003100940.0 |
| 008 - FIXED-LENGTH DATA ELEMENTS--GENERAL INFORMATION |
| fixed length control field |
190621s2020 mau b 000 0aeng |
| 010 ## - LIBRARY OF CONGRESS CONTROL NUMBER |
| LC control number |
2019026271 |
| 020 ## - INTERNATIONAL STANDARD BOOK NUMBER |
| International Standard Book Number |
9780807002803 |
| Qualifying information |
(paperback) |
| 035 ## - SYSTEM CONTROL NUMBER |
| System control number |
21029459 |
| 040 ## - CATALOGING SOURCE |
| Original cataloging agency |
DLC |
| Language of cataloging |
eng |
| Transcribing agency |
DLC |
| Description conventions |
rda |
| Modifying agency |
DLC |
| 042 ## - AUTHENTICATION CODE |
| Authentication code |
pcc |
| 043 ## - GEOGRAPHIC AREA CODE |
| Geographic area code |
n-us--- |
| 050 00 - LIBRARY OF CONGRESS CALL NUMBER |
| Classification number |
JC571 |
| Item number |
.H49 2020 |
| 082 00 - DEWEY DECIMAL CLASSIFICATION NUMBER |
| Classification number |
362.4092 |
| Edition number |
23 |
| Author Mark |
HEU |
| 100 1# - MAIN ENTRY--PERSONAL NAME |
| Personal name |
Heumann, Judith E., |
| Relator term |
author. |
| 9 (RLIN) |
130839 |
| 245 10 - TITLE STATEMENT |
| Title |
Being Heumann : |
| Remainder of title |
an unrepentant memoir of a disability rights activist / |
| Statement of responsibility, etc. |
Judith Heumann with Kristen Joiner. |
| 264 #1 - PRODUCTION, PUBLICATION, DISTRIBUTION, MANUFACTURE, AND COPYRIGHT NOTICE |
| Place of production, publication, distribution, manufacture |
Boston : |
| Name of producer, publisher, distributor, manufacturer |
Beacon Press, |
| Date of production, publication, distribution, manufacture, or copyright notice |
[2020] |
| 300 ## - PHYSICAL DESCRIPTION |
| Extent |
xiv, 218 pages ; |
| Dimensions |
23 cm |
| 336 ## - CONTENT TYPE |
| Content type term |
text |
| Content type code |
txt |
| Source |
rdacontent |
| 337 ## - MEDIA TYPE |
| Media type term |
unmediated |
| Media type code |
n |
| Source |
rdamedia |
| 338 ## - CARRIER TYPE |
| Carrier type term |
volume |
| Carrier type code |
nc |
| Source |
rdacarrier |
| 500 ## - GENERAL NOTE |
| General note |
Section 504 of the Rehabilitation Act of 1973, Heumann co-founded the World Institute on Disability with Ed Roberts and Joan Leon in 1983, serving as co-director until 1993. Assistant Secretary of the Office of Special Education and Rehabilitation Services at the US Department of Education. served as the World Bank Group's first Advisor on Disability and Development. Director of the Department of Disability Services for the District of Columbia. Special Advisor on Disability Rights for the US State Department. |
| 504 ## - BIBLIOGRAPHY, ETC. NOTE |
| Bibliography, etc. note |
Includes bibliographical references. |
| 600 10 - SUBJECT ADDED ENTRY--PERSONAL NAME |
| Personal name |
Heumann, Judith E. |
| 9 (RLIN) |
130840 |
| 650 #0 - SUBJECT ADDED ENTRY--TOPICAL TERM |
| Topical term or geographic name entry element |
Human rights workers |
| Geographic subdivision |
United States |
| Form subdivision |
Biography. |
| 9 (RLIN) |
130841 |
| 650 #0 - SUBJECT ADDED ENTRY--TOPICAL TERM |
| Topical term or geographic name entry element |
People with disabilities |
| Geographic subdivision |
United States |
| Form subdivision |
Biography. |
| 9 (RLIN) |
94650 |
| 650 #0 - SUBJECT ADDED ENTRY--TOPICAL TERM |
| Topical term or geographic name entry element |
Teachers |
| Geographic subdivision |
United States |
| Form subdivision |
Biography. |
| 9 (RLIN) |
130842 |
| 655 #7 - INDEX TERM--GENRE/FORM |
| Genre/form data or focus term |
Biographies. |
| Source of term |
lcgft |
| Authority record control number |
https://id.loc.gov/authorities/genreForms/gf2014026049 |
| 9 (RLIN) |
33106 |
| 710 2# - ADDED ENTRY--CORPORATE NAME |
| Corporate name or jurisdiction name as entry element |
Beacon Press. |
| 9 (RLIN) |
130843 |
| 776 08 - ADDITIONAL PHYSICAL FORM ENTRY |
| Relationship information |
Online version: |
| Main entry heading |
Heumann, Judith E. |
| Title |
Being Heumann. |
| Place, publisher, and date of publication |
Boston : Beacon Press, [2019] |
| International Standard Book Number |
9780807019382 |
| Record control number |
(DLC) 2019026272 |
| 906 ## - LOCAL DATA ELEMENT F, LDF (RLIN) |
| a |
7 |
| b |
cbc |
| c |
orignew |
| d |
1 |
| e |
ecip |
| f |
20 |
| g |
y-gencatlg |
| 942 ## - ADDED ENTRY ELEMENTS (KOHA) |
| Source of classification or shelving scheme |
|
| Koha item type |
Book |